000 00483nam a2200169Ia 4500
003 LK-CoDNM
008 010623t2002 xxu||||| |||| 00| 1 eng d
040 _aLK-CoDNM
_dLK-CoDNM
_eLK-CoDNM
041 _aeng
_aPali
_asin
080 _a809.13
_bPIY
100 _aRev.Piyarathana, Wegama
_eed.
245 _aකචිචායන ධාතුමඤ්ජුසා
246 _aKachchayana dhathumanjusa
260 _bS.Godage
_aColombo
_c2002
300 _b50p., 21.5 cm
942 _cBK
999 _c121947
_d121947